| 000 | 00746nam a2200265Ia 4500 | ||
|---|---|---|---|
| 003 | OSt | ||
| 005 | 20220928125038.0 | ||
| 006 | a|||||r|||| 00| 0 | ||
| 007 | ta | ||
| 008 | 220927b |||||||| |||| 00| 0 eng d | ||
| 024 | _a126127 | ||
| 037 |
_bGift, 03/12/2007, _cTextual |
||
| 040 |
_aSDCL _cSDCL _beng |
||
| 041 |
_2eng _aeng |
||
| 082 | _aG9M,11, Q5 | ||
| 100 |
_aWilson John _9405642 |
||
| 245 | 0 |
_aMolecular biology of the cell _b The problems book |
|
| 250 | _a6th | ||
| 260 |
_aNew York _b Garland Science _c2015 |
||
| 300 |
_axvi;966p _ccm. |
||
| 650 |
_aGift _9391569 |
||
| 700 |
_a Hunt Tim _9433425 |
||
| 942 |
_hG9M,11, Q5 _cTEXL _2CC |
||
| 999 |
_c780606 _d780606 |
||